[Geometry Dash] Upcoming Extreme Demons (29/3/19) - Statistics

General Stats
  • This quiz has been taken 774 times
    605 since last reset
  • The average score is 5 of 12
Answer Stats
Description Current Verifier Answer % Correct
Buffed Remake of the current #5 demon, redecorated by the APTeam Sunix Sonic Wave Infinity
85%
Revival of an old level by Riot, potentially could be impossible Whoever beats it first Tartarus
69%
Platnuu's red/orange/yellow themed demon due to be 3 minutes long Knobbelboy Orochi
67%
ViPriN's latest purple and orange themed megacollab Knobbelboy Ouroboros
60%
Black and white themed object heavy level, with very detailed tribal art BoldStep Woodkid
53%
Redesigned level combining three definitive extreme hell demons Sunix Apocalyptic Trilogy
36%
Sequel/remake to an easier rainbow themed extreme demon, removing the nerfs from the original Aquiver Renevant
33%
Megacollab involving many big names in GD such as Zobros, Riot, Surv and Sunix Unconfirmed Night Rider
25%
Buffed and redecorated version of an older demon that was previously hack-verified but was then legit verified Combined Kenos
24%
7.5 min megacollab hosted by Knobbelboy Knobbelboy Project NepNep
24%
Originally the 3rd level of a series, now a solo level after the MC host quiz (TYPE ORIGINAL NAME) Geomania Fusion Z
21%
Third chapter to a trilogy of levels, Pokemon themed Unconfirmed Instinct
17%
No matching quizzes found
Score Distribution
Percent of People with Each Score
Percentile by Number Answered
Your Score History
You have not taken this quiz since the last reset